駅名が「町」で終わる駅 - Statistics

General Stats
  • This quiz has been taken 190 times
  • The average score is 88 of 323
Answer Stats
Hint Answer % Correct
千代田区 | 小川町 小川町
78%
岡山市 | 港区 田町
77%
港区 浜松町
72%
函館市 | 大町町 | 富山市 | +3 others 大町
68%
千代田区 | 松山市 大手町
68%
千代田区 有楽町
67%
台東区 御徒町
66%
品川区 大井町
66%
大阪市 本町
65%
熊本市 | 高崎市 新町
63%
台東区 | 富山市 | 広島市 稲荷町
63%
台東区 | 福井市 田原町
62%
台東区 上野御徒町
61%
横浜市 桜木町
61%
北区 | 千葉市 | 名古屋市 | +2 others 栄町
58%
千代田区 神保町
58%
江東区 門前仲町
58%
台東区 新御徒町
57%
中央区 馬喰町
56%
中央区 人形町
56%
墨田区 錦糸町
56%
府中市 府中本町
56%
千代田区 淡路町
55%
千代田区 永田町
55%
中央区 茅場町
55%
大町市 信濃大町
55%
台東区 仲御徒町
54%
江東区 東陽町
54%
葛飾区 金町
54%
新宿区 信濃町
53%
中野区 中野富士見町
53%
札幌市 | 神戸市 元町
52%
千代田区 岩本町
51%
中央区 浜町
51%
横浜市 石川町
51%
十日町市 十日町
51%
中央区 小伝馬町
50%
江東区 南砂町
50%
板橋区 板橋本町
50%
葛飾区 京成金町
49%
向日市 向日町
49%
函館市 | 千代田区 | 高岡市 末広町
46%
仙台市 長町
46%
中央区 | 富山市 新富町
46%
中央区 | 長崎市 宝町
46%
港区 神谷町
46%
高崎市 高崎問屋町
45%
千代田区 麹町
45%
大田区 大森町
45%
大阪市 堺筋本町
44%
南魚沼市 六日町
43%
世田谷区 桜新町
42%
世田谷区 上町
42%
杉並区 方南町
42%
豊島区 要町
42%
大阪市 弁天町
42%
練馬区 練馬春日町
41%
豊島区 椎名町
40%
京都市 京都河原町
40%
大阪市 大国町
40%
足立区 六町
39%
南相馬市 原ノ町
38%
横浜市 伊勢佐木長者町
38%
小野町 小野新町
37%
横浜市 反町
37%
名古屋市 | 大牟田市 新栄町
36%
津市 津新町
36%
会津若松市 七日町
35%
さいたま市 与野本町
35%
新宿区 牛込柳町
35%
横浜市 神奈川新町
35%
横浜市 黄金町
35%
米子市 | 鎌倉市 富士見町
35%
村上市 坂町
35%
小野市 小野町
35%
杉並区 永福町
34%
横浜市 三ツ沢上町
34%
横浜市 三ツ沢下町
34%
川崎市 川崎新町
34%
川崎市 港町
34%
藤沢市 藤沢本町
34%
長崎市 | 飯田市 桜町
34%
大阪市 | 川崎市 扇町
33%
仙台市 | 熊本市 河原町
32%
磐田市 豊田町
32%
大阪市 南森町
32%
高松市 瓦町
32%
市川市 二俣新町
31%
横浜市 高島町
31%
湖西市 新居町
31%
大阪市 我孫子町
31%
大泉町 | 富山市 小泉町
30%
千代田区 内幸町
30%
品川区 荏原町
30%
大阪市 大阪上本町
30%
大阪市 恵美須町
30%
豊中市 岡町
30%
磐梯町 磐梯町
29%
横浜市 日ノ出町
29%
金沢市 野町
29%
大町市 北大町
29%
京都市 神宮丸太町
29%
播磨町 播磨町
29%
伊勢崎市 境町
28%
富山市 西町
28%
小田原市 緑町
27%
三島市 三島田町
27%
京都市 円町
27%
仙台市 陸前原ノ町
26%
松島町 高城町
26%
大田区 千鳥町
26%
大町市 南大町
26%
河内長野市 三日市町
26%
松山市 古町
26%
清里町 清里町
25%
大崎市 松山町
25%
横浜市 天王町
25%
南魚沼市 五日町
25%
常滑市 大野町
25%
鈴鹿市 平田町
25%
大阪市 寺田町
25%
大阪市 | 高松市 昭和町
25%
米子市 博労町
25%
盛岡市 仙北町
24%
富津市 佐貫町
24%
横浜市 吉野町
24%
川崎市 鈴木町
24%
名古屋市 矢場町
24%
横浜市 和田町
23%
横浜市 日吉本町
23%
笛吹市 春日居町
23%
半田市 住吉町
23%
刈谷市 野田新町
23%
四日市市 川原町
23%
京都市 丸太町
23%
大阪市 芦原町
23%
加西市 北条町
23%
伊賀市 青山町
22%
大阪市 杉本町
22%
大阪市 松屋町
22%
明石市 西新町
22%
三次市 塩町
22%
東北町 上北町
21%
横浜市 片倉町
21%
横浜市 川和町
21%
豊橋市 船町
21%
伊勢市 宮町
21%
神戸市 みなと元町
21%
松山市 南町
21%
いすみ市 長者町
20%
名古屋市 豊田本町
20%
名古屋市 熱田神宮伝馬町
20%
大阪市 中崎町
20%
神戸市 西元町
20%
三田市 三田本町
20%
粕屋町 原町
20%
仙台市 青葉通一番町
19%
仙台市 | 福島市 卸町
19%
名古屋市 大同町
19%
名古屋市 桜本町
19%
広島市 猿猴橋町
19%
函館市 | 碧南市 新川町
18%
都留市 谷村町
18%
倉敷市 茶屋町
18%
広島市 胡町
18%
八幡平市 荒屋新町
17%
東根市 神町
17%
三島市 三島二日町
17%
富士市 吉原本町
17%
名古屋市 浅間町
17%
豊川市 諏訪町
17%
新城市 東新町
17%
大阪市 花園町
17%
加東市 社町
17%
南国市 後免町
17%
銚子市 仲ノ町
16%
静岡市 日吉町
16%
岬町 深日町
16%
函館市 松風町
15%
東吾妻町 群馬原町
15%
市川三郷町 市川本町
15%
静岡市 春日町
15%
浜松市 二俣本町
15%
大津市 膳所本町
15%
京都市 北野白梅町
15%
岩国市 錦町
15%
西予市 卯之町
15%
熊本市 | 福岡市 呉服町
15%
静岡市 音羽町
14%
一宮市 奥町
14%
広島市 銀山町
14%
仙台市 福田町
13%
高岡市 | 高松市 片原町
13%
福井市 福井城址大名町
13%
辰野町 伊那新町
13%
境港市 馬場崎町
13%
富山市 上本町
12%
高岡市 能町
12%
安曇野市 柏矢町
12%
米子市 大篠津町
12%
境港市 高松町
12%
広島市 立町
12%
松山市 清水町
12%
高知市 曙町
12%
福岡市 唐人町
12%
熊本市 健軍町
12%
遠野市 岩手二日町
11%
村上市 岩船町
11%
島田市 代官町
11%
名古屋市 六番町
11%
豊橋市 東八町
11%
伊賀市 茅町
11%
広島市 福島町
11%
広島市 寺町
11%
函館市 堀川町
10%
広島市 | 永平寺町 観音町
10%
大阪市 沢ノ町
10%
出雲市 大津町
10%
広島市 的場町
10%
松山市 鉄砲町
10%
豊後大野市 三重町
10%
函館市 宝来町
9%
富山市 荒町
9%
高岡市 新能町
9%
立山町 榎町
9%
大津市 上栄町
9%
広島市 十日市町
9%
函館市 | 長崎市 千歳町
8%
函館市 青柳町
8%
上越市 潟町
8%
大阪市 松田町
8%
倉敷市 上の町
8%
南国市 後免西町
8%
熊本市 辛島町
8%
串間市 福島今町
8%
函館市 杉並町
7%
富山市 犬島新町
7%
上田市 三好町
7%
松江市 秋鹿町
7%
広島市 袋町
7%
広島市 天満町
7%
広島市 西観音町
7%
高松市 木太町
7%
南国市 後免東町
7%
南国市 後免中町
7%
香美市 山田西町
7%
長崎市 西浜町
7%
熊本市 蔚山町
7%
函館市 柏木町
6%
上田市 塩田町
6%
伊賀市 桑町
6%
堺市 神明町
6%
広島市 舟入本町
6%
高知市 曙町東町
6%
長崎市 茂里町
6%
函館市 深堀町
5%
富山市 朝菜町
5%
高岡市 坂下町
5%
大阪市 安立町
5%
堺市 綾ノ町
5%
堺市 寺地町
5%
広島市 本川町
5%
広島市 小網町
5%
広島市 舟入町
5%
広島市 舟入幸町
5%
広島市 舟入川口町
5%
松山市 木屋町
5%
松山市 勝山町
5%
高知市 知寄町
5%
高知市 宝永町
5%
高知市 菜園場町
5%
長崎市 若葉町
5%
長崎市 銭座町
5%
長崎市 八千代町
5%
長崎市 新中川町
5%
長崎市 新大工町
5%
熊本市 黒髪町
5%
熊本市 花畑町
5%
熊本市 段山町
5%
岡山市 東中央町
4%
松山市 宮田町
4%
松山市 高砂町
4%
長崎市 五島町
4%
熊本市 水道町
4%
熊本市 西辛島町
4%
松前町 地蔵町
3%
佐世保市 江迎鹿町
3%
鹿児島市 加治屋町
3%
北九州市 石原町
2%
No matching quizzes found
Score Distribution
Percent of People with Each Score
Percentile by Number Answered
Your Score History
You have not taken this quiz